000 00869nam a2200253Ia 4500
005 20250714133918.0
008 210122b ###||||| |||| 00| 0 spa d
017 _a2007-13420
020 _a978-603-4016-54-5
040 _aBIBLIOTECA MUNICIPAL DE BARRANCO
_cBIBLIOTECA MUNICIPAL DE BARRANCO
043 _cPe.
082 _2869.568
_bV18A 2008.
100 _a Abraham Valdelomar
245 0 _aLa aldea encantada /
_cAbraham Valdelomar ; [edición, Ana Loli].
250 _a1a ed.
260 _aLima :
_bSantillana S.A. ;
_c2008.
300 _a383 p. ;
_c20 cm.
490 _aAlfaguara. Serie roja
600 0 _97742
_aValdelomar, Abraham, 1888-1919. La aldea encantada-Crítica textual.
650 0 _97743
_aCuentos peruanos-Siglo XX.
700 _97744
_aLoli, Ana, 1965-
942 _cBK
_2ddc
_zAAOH
_e2025-07-14
999 _c6365
_d6365